Chalo Delhi: (Record no. 10423)
[ view plain ]
| 000 -LEADER | |
|---|---|
| fixed length control field | 01370 a2200325 4500 |
| 005 - DATE AND TIME OF LATEST TRANSACTION | |
| control field | 20100403162231.0 |
| 008 - FIXED-LENGTH DATA ELEMENTS--GENERAL INFORMATION | |
| fixed length control field | 100403t xxu||||| |||| 00| 0 eng d |
| 010 ## - LCCN (DPL NO) | |
| LC control number | ENG-89296 |
| 020 ## - INTERNATIONAL STANDARD BOOK NUMBER | |
| International Standard Book Number | 8178242273 |
| Terms of availability | 295.00 |
| 035 ## - SYSTEM CONTROL NUMBER | |
| System control number | EN-72829 |
| 035 ## - SYSTEM CONTROL NUMBER | |
| System control number | B-379450 |
| 037 ## - SOURCE OF ACQUISITION | |
| Source of stock number/acquisition | DBAD / VEN |
| 037 ## - SOURCE OF ACQUISITION | |
| Source of stock number/acquisition | UBH |
| 040 ## - CATALOGING SOURCE | |
| Original cataloging agency | dpl |
| Language of cataloging | English |
| 082 ## - DEWEY DECIMAL CLASSIFICATION NUMBER | |
| Classification number | 954.0841 |
| 100 ## - MAIN ENTRY--PERSONAL NAME | |
| Personal name | Bose, Subhas Chandra |
| 245 ## - TITLE STATEMENT | |
| Title | Chalo Delhi: |
| Remainder of title | writings and speeches 1943-1945/ |
| Statement of responsibility, etc | Subhas Chandra Bose; edited by Sisir K. Bose and Sugata Bose |
| 260 ## - PUBLICATION, DISTRIBUTION, ETC. (IMPRINT) | |
| Place of publication, distribution, etc | Calcutta |
| Name of publisher, distributor, etc | Netaji Research Bureau |
| Date of publication, distribution, etc | 2008 |
| 260 ## - PUBLICATION, DISTRIBUTION, ETC. (IMPRINT) | |
| Place of publication, distribution, etc | Ranikhet |
| Name of publisher, distributor, etc | Permanent Black |
| Date of publication, distribution, etc | 2008 |
| 260 ## - PUBLICATION, DISTRIBUTION, ETC. (IMPRINT) | |
| Place of publication, distribution, etc | New Delhi |
| Name of publisher, distributor, etc | Orient Longman |
| Date of publication, distribution, etc | 2008 |
| 270 ## - ADDRESS | |
| Address | Himalayana Mall Raod, Ranikhet Cantt., |
| City | Ranikhet |
| Postal code | 263645 |
| 300 ## - PHYSICAL DESCRIPTION | |
| Extent | xx, 450 p.: |
| Dimensions | 23 cm (Hb) |
| Other physical details | b & w photos |
| 490 ## - SERIES STATEMENT | |
| Series statement | Netaji collected works; v.12 |
| 700 ## - ADDED ENTRY--PERSONAL NAME | |
| Personal name | Bose, Sisir K. |
| 700 ## - ADDED ENTRY--PERSONAL NAME | |
| Personal name | Bose, Sugata |
| 942 ## - ADDED ENTRY ELEMENTS (KOHA) | |
| Institution code [OBSOLETE] | dpl |
| Item type | English Books |
| Source of classification or shelving scheme | Dewey Decimal Classification |
| Classification part | 954.0841 |
| Call number suffix | CHA |
| Withdrawn status | Lost status | Source of classification or shelving scheme | Damaged status | Not for loan | Home library | Current library | Date acquired | Cost, normal purchase price | Total Checkouts | Barcode | Date last seen | Cost, replacement price | Koha item type | Collection code | Source of acquisition | Full call number | Copy number |
|---|---|---|---|---|---|---|---|---|---|---|---|---|---|---|---|---|---|
| Dewey Decimal Classification | Not For Loan | Central Library | Central Library | 03/04/2010 | 295.00 | B-379450 | 03/04/2010 | 295.00 | English Books | Reference | UBH/245/24.2.10/178/23.2.10/24.2.10 | 954.0841 CHA | 1 | ||||
| Dewey Decimal Classification | Andrews Gunj | D.B.Act.Division | 01/10/2008 | 295.00 | EN-72829 | 15/09/2008 | 295.00 | English Books |
